Pays avec un tiret "-" - Statistics

General Stats
  • This quiz has been taken 260 times
  • The average score is 8 of 14
Answer Stats
Pays % Correct
Sao Tomé-et-Principe
71%
Saint-Vincent-et-les-Grenadines
70%
Antigua-et-Barbuda
67%
États-Unis
67%
Sainte-Lucie
65%
Trinité-et-Tobago
64%
Nouvelle-Zélande
63%
Saint-Marin
59%
Papouasie-Nouvelle-Guinée
56%
Royaume-Uni
56%
Bosnie-Herzégovine
49%
Cap-Vert
48%
Guinée-Bissau
48%
Saint-Christophe- et-Niévès
43%
No matching quizzes found
Score Distribution
Percent of People with Each Score
Percentile by Number Answered
Your Score History
You have not taken this quiz